[Event "Oberliga Nord N 2223"]
[Site "Germany"]
[Date "2022.12.11"]
[Round "3.6"]
[White "Ehrke, Michael"]
[Black "Schwarz, Oliver"]
[Result "1-0"]
[WhiteElo "2165"]
[BlackElo "2095"]
[PlyCount "119"]
[EventDate "2022.10.23"]
[EventType "team-tourn"]
[EventRounds "9"]
[EventCountry "GER"]
[SourceTitle "EXT 2025"]
[Source "ChessBase"]
[SourceDate "2024.10.14"]
[SourceVersion "1"]
[SourceVersionDate "2024.10.14"]
[SourceQuality "1"]
[WhiteTeam "Luebeck"]
[BlackTeam "Bad Schwartau"]
[WhiteTeamCountry "GER"]
[BlackTeamCountry "GER"]

1. d4 d5 2. Bf4 Nf6 3. e3 e6 4. Nf3 Bd6 5. c3 Bxf4 6. exf4 Ne4 7. Nbd2 0-0 8. Nxe4 dxe4 9. Nd2 f5 10. Bc4 Qd6 11. g3 Nd7 12. Qb3 Nf6 13. f3 exf3 14. Nxf3 a6 15. a4 Rb8 16. 0-0 b5 17. axb5 axb5 18. Rae1 Ne4 19. Ng5 Rb6 20. Nxe4 bxc4 21. Nxd6 cxb3 22. Nxc8 Rxc8 23. Re5 Rd8 24. Rc5 Rb7 25. Ra1 Kf7 26. Ra6 Ke7 27. Kf2 Rd6 28. Ra8 Rd8 29. Rxd8 Kxd8 30. Ra5 Kd7 31. Ke3 h5 32. h4 Kd6 33. Kd3 Rb8 34. Kc4 g6 35. Ra6+ Kd7 36. Ra3 Kd6 37. Kd3 Rb6 38. c4 c5 39. Ra5 Rc6 40. Ra3 Rb6 41. Kc3 cxd4+ 42. Kxd4 Rb7 43. Ra8 Ke7 44. Ra6 Rd7+ 45. Kc3 Rd1 46. Kxb3 Rd3+ 47. Kb4 Rxg3 48. c5 e5 49. fxe5 f4 50. Rf6 f3 51. c6 g5 52. hxg5 h4 53. g6 h3 54. Rf7+ Kd8 55. e6 Rxg6 56. Rxf3 Rh6 57. Rf8+ Ke7 58. c7 h2 59. c8Q h1Q 60. Qd7+ 1-0

[Event "Oberliga Nord N 2223"]
[Site "Germany"]
[Date "2022.11.27"]
[Round "2.6"]
[White "Schwarz, Oliver"]
[Black "Brinkmann, Fabian"]
[Result "1/2-1/2"]
[WhiteElo "2095"]
[BlackElo "2173"]
[PlyCount "45"]
[EventDate "2022.10.23"]
[EventType "team-tourn"]
[EventRounds "9"]
[EventCountry "GER"]
[SourceTitle "EXT 2025"]
[Source "ChessBase"]
[SourceDate "2024.10.14"]
[SourceVersion "1"]
[SourceVersionDate "2024.10.14"]
[SourceQuality "1"]
[WhiteTeam "Bad Schwartau"]
[BlackTeam "Hamburger SK III"]
[WhiteTeamCountry "GER"]
[BlackTeamCountry "GER"]

1. d4 d5 2. c4 c6 3. cxd5 cxd5 4. Nc3 Nf6 5. Bf4 e6 6. Nf3 Be7 7. e3 0-0 8. Bd3 Bd7 9. 0-0 Qb6 10. Qe2 Rc8 11. Rfc1 Qd8 12. h3 Nc6 13. Ne5 Be8 14. Nxc6 Rxc6 15. Rc2 a6 16. a3 Rac8 17. Rac1 Bd6 18. Bxd6 Qxd6 19. Na4 Rxc2 20. Rxc2 Rxc2 21. Qxc2 Bxa4 22. Qxa4 Qc7 23. Qc2 1/2-1/2

[Event "Schleswig Holstein-ch Seniors"]
[Site "Leck"]
[Date "2014.04.18"]
[Round "9"]
[White "Krueger, Wolfgang"]
[Black "Schwarz, Oliver"]
[Result "1/2-1/2"]
[WhiteElo "2135"]
[BlackElo "2103"]
[PlyCount "24"]
[EventDate "2014.04.12"]
[EventType "swiss"]
[EventRounds "9"]
[EventCountry "GER"]
[SourceTitle "EXT 2018"]
[Source "ChessBase"]
[SourceDate "2017.10.13"]
[SourceVersion "1"]
[SourceVersionDate "2017.10.13"]
[SourceQuality "1"]

1. d4 d5 2. c4 e6 3. Nc3 Nf6 4. Bg5 Be7 5. cxd5 exd5 6. Qc2 c6 7. e3 0-0 8. Bd3 h6 9. Bh4 Re8 10. Nf3 Nbd7 11. Bg3 Nf8 12. h3 Bd6 1/2-1/2

[Event "GER Cup17 E/V01 email"]
[Site "GER email"]
[Date "2013.??.??"]
[Round "?"]
[White "Schwarz, Oliver"]
[Black "Schweizer, Gerd"]
[Result "1-0"]
[WhiteElo "1640"]
[BlackElo "2165"]
[PlyCount "39"]
[EventDate "2013.??.??"]
[EventType "tourn (corr)"]
[EventRounds "6"]
[EventCountry "GER"]
[SourceTitle "Corr 2015"]
[Source "ChessBase"]
[SourceDate "2015.07.17"]
[SourceVersion "1"]
[SourceVersionDate "2015.07.17"]
[SourceQuality "1"]

1. e4 c5 2. c3 e6 3. d4 cxd4 4. cxd4 d5 5. e5 g6 6. Nf3 Bg7 7. Bg5 Ne7 8. Nc3 0-0 9. Qd2 Nbc6 10. h4 f6 11. exf6 Bxf6 12. h5 Qe8 13. hxg6 Nxg6 14. 0-0-0 a6 15. Bxf6 Rxf6 16. Ng5 Rf7 17. Nxf7 Qxf7 18. Bd3 Qg7 19. Bxg6 Qxg6 20. Rh3 1-0

[Event "Bad Godesberg op 16th"]
[Site "Bad Godesberg"]
[Date "2012.07.10"]
[Round "4"]
[White "Krug, Michael"]
[Black "Schwarz, Oliver"]
[Result "0-1"]
[WhiteElo "1906"]
[BlackElo "2128"]
[PlyCount "120"]
[EventDate "2012.07.07"]
[EventType "swiss"]
[EventRounds "9"]
[EventCountry "GER"]
[SourceTitle "CBM 149 Extra"]
[Source "ChessBase"]
[SourceDate "2012.08.24"]
[SourceVersion "1"]
[SourceVersionDate "2012.08.24"]
[SourceQuality "1"]

1. d4 d5 2. c4 e6 3. Nc3 Nf6 4. Nf3 c6 5. e3 Bd6 6. c5 Bc7 7. b4 Nbd7 8. Be2 0-0 9. 0-0 e5 10. Bb2 e4 11. Nd2 Re8 12. Qc2 Nf8 13. Rae1 Ng4 14. Bxg4 Bxg4 15. f4 Qh4 16. g3 Qh3 17. Nd1 Qh5 18. Nf2 f5 19. Nxg4 fxg4 20. a4 a6 21. a5 Re6 22. Rf2 Qf5 23. Ree2 Rf6 24. Kf1 Ne6 25. Ke1 Raf8 26. Nf1 h5 27. Bc3 g6 28. Kd1 Kf7 29. Kc1 Ke7 30. Kb2 Ng7 31. Be1 Qc8 32. Rg2 R8f7 33. Bf2 Qf8 34. Qd2 Ne6 35. Qc2 Kd7 36. Qd2 g5 37. Qc2 gxf4 38. gxf4 Bxf4 39. Ng3 Bxg3 40. Bxg3 Rf3 41. Qd2 R7f5 42. Bh4 Qh6 43. Kc2 Rh3 44. Qe1 Rff3 45. Bf2 Qg5 46. Qg1 Ng7 47. Rg3 Nf5 48. Rxh3 Rxh3 49. Bg3 h4 50. Bf4 Nxd4+ 51. exd4 Qxf4 52. Rg2 Qf3 53. Kb1 Qd3+ 54. Rc2 g3 55. hxg3 Rxg3 56. Qf2 Qb3+ 57. Rb2 Qd1+ 58. Ka2 Qf3 59. Qd2 Qa3+ 60. Kb1 Qd3+ 0-1

[Event "Berlin Lichtenberger op 9th"]
[Site "Berlin"]
[Date "2010.08.07"]
[Round "1"]
[White "Hempel Morgenstern, Markus"]
[Black "Schwarz, Oliver"]
[Result "0-1"]
[WhiteElo "1564"]
[BlackElo "2114"]
[PlyCount "88"]
[EventDate "2010.08.07"]
[EventType "swiss"]
[EventRounds "9"]
[EventCountry "GER"]
[SourceTitle "CBM 137 Extra"]
[Source "ChessBase"]
[SourceDate "2010.09.01"]
[SourceVersion "1"]
[SourceVersionDate "2010.09.01"]
[SourceQuality "1"]

1. c4 c5 2. Nc3 Nc6 3. Nf3 b6 4. g3 Bb7 5. Bg2 Nf6 6. 0-0 e6 7. Ne1 Be7 8. d3 0-0 9. Bf4 d6 10. Qa4 Rc8 11. Bh3 a6 12. a3 Nh5 13. Bd2 a5 14. Qd1 Nf6 15. Bg2 d5 16. b3 Qd7 17. Bf4 Rfe8 18. Nc2 d4 19. Ne4 Nxe4 20. Bxe4 e5 21. Bd2 f5 22. Bd5+ Kh8 23. f4 Bf6 24. Bh1 e4 25. dxe4 fxe4 26. e3 d3 27. Ne1 Bxa1 28. Qxa1 Ne7 29. Ng2 Ng6 30. Ne1 Rcd8 31. Rf2 Re7 32. Ng2 Qg4 33. Qf1 Qf5 34. Ne1 Bc8 35. Bg2 h5 36. h4 Nf8 37. Kh2 Nh7 38. Bh3 Qf7 39. Bxc8 Rxc8 40. Qh3 Rf8 41. Qf1 Nf6 42. Kg1 Ng4 43. Rg2 Qf6 44. Bc1 Qc3 0-1

[Event "Schleswig Holstein-ch Meister"]
[Site "Buesum"]
[Date "2010.04.02"]
[Round "9.8"]
[White "Zeller, Joerg"]
[Black "Schwarz, Oliver"]
[Result "1-0"]
[WhiteElo "2200"]
[BlackElo "2143"]
[PlyCount "73"]
[EventDate "2010.03.27"]
[EventType "swiss"]
[EventRounds "9"]
[EventCountry "GER"]
[SourceTitle "EXT 2022"]
[Source "ChessBase"]
[SourceDate "2021.10.06"]
[SourceVersion "1"]
[SourceVersionDate "2021.10.06"]
[SourceQuality "1"]

1. e4 c5 2. Nf3 d6 3. Bb5+ Nd7 4. c3 a6 5. Qa4 Ngf6 6. 0-0 Rb8 7. Be2 b5 8. Qc2 Bb7 9. d3 e5 10. Nbd2 Be7 11. a4 Qb6 12. h3 0-0 13. Nh4 Rfe8 14. Nf5 Bf8 15. Nf3 d5 16. Ng3 Rbc8 17. axb5 axb5 18. c4 bxc4 19. dxc4 d4 20. Bd3 Ra8 21. Rxa8 Rxa8 22. Nh4 Bc6 23. Nhf5 Ra2 24. Qd2 Qb3 25. f4 exf4 26. Rxf4 Ne5 27. Bc2 Qxc4 28. Rf1 Bb5 29. Qg5 Ra1 30. Nh6+ Kh8 31. Qxe5 Qxc2 32. Nxf7+ Kg8 33. Nh6+ Kh8 34. Qb8 gxh6 35. Qxf8+ Ng8 36. Bxh6 Ra7 37. Qxg8+ 1-0

[Event "Schleswig Holstein-ch Meister"]
[Site "Buesum"]
[Date "2010.03.31"]
[Round "7.8"]
[White "Schwarz, Oliver"]
[Black "Kitschke, Heiko"]
[Result "1/2-1/2"]
[WhiteElo "2143"]
[BlackElo "2078"]
[PlyCount "106"]
[EventDate "2010.03.27"]
[EventType "swiss"]
[EventRounds "9"]
[EventCountry "GER"]
[SourceTitle "EXT 2022"]
[Source "ChessBase"]
[SourceDate "2021.10.06"]
[SourceVersion "1"]
[SourceVersionDate "2021.10.06"]
[SourceQuality "1"]

1. d4 Nf6 2. c4 g6 3. Nc3 d5 4. cxd5 Nxd5 5. e4 Nxc3 6. bxc3 Bg7 7. Bc4 c5 8. Be3 0-0 9. Qd2 Nc6 10. Ne2 Qa5 11. Rd1 Rd8 12. 0-0 cxd4 13. cxd4 Qxd2 14. Rxd2 Na5 15. Bd3 Bd7 16. Rc2 Nc6 17. Bc4 Rac8 18. Rfc1 a6 19. a3 e6 20. f4 b5 21. Bd3 Bf8 22. Rc3 Nb8 23. Kf2 Rxc3 24. Rxc3 Rc8 25. Bc1 b4 26. axb4 Bxb4 27. Rxc8+ Bxc8 28. Bb2 Kf8 29. Ke3 Ke7 30. Bc4 Nc6 31. Nc3 Na5 32. Ba2 Kd6 33. g4 Bb7 34. g5 Bc6 35. f5 exf5 36. Bxf7 Ke7 37. Ba2 fxe4 38. Nxe4 Bxe4 39. Kxe4 Bd2 40. Bd5 Kd6 41. Ba3+ Kd7 42. Bg8 Bxg5 43. Bxh7 Nc4 44. Bb4 a5 45. Bc3 Nd2+ 46. Bxd2 Bxd2 47. Bxg6 Kd6 48. Be8 Be1 49. Ba4 Bh4 50. Bb3 Be1 51. Kf4 Bc3 52. d5 Be5+ 53. Ke4 Bxh2 1/2-1/2

[Event "Schleswig Holstein-ch Meister"]
[Site "Buesum"]
[Date "2010.03.28"]
[Round "2.8"]
[White "Wilde, Dennis"]
[Black "Schwarz, Oliver"]
[Result "1-0"]
[WhiteElo "2185"]
[BlackElo "2143"]
[PlyCount "83"]
[EventDate "2010.03.27"]
[EventType "swiss"]
[EventRounds "9"]
[EventCountry "GER"]
[SourceTitle "EXT 2022"]
[Source "ChessBase"]
[SourceDate "2021.10.06"]
[SourceVersion "1"]
[SourceVersionDate "2021.10.06"]
[SourceQuality "1"]

1. e4 c5 2. Nf3 d6 3. Bb5+ Nc6 4. 0-0 Bd7 5. Re1 Qc7 6. c3 g6 7. d4 cxd4 8. cxd4 Bg7 9. Nc3 a6 10. Bxc6 Bxc6 11. Be3 Nf6 12. Rc1 Qa5 13. Qb3 d5 14. Ne5 0-0 15. Nxc6 bxc6 16. e5 Ng4 17. Bd2 Rfc8 18. Ne4 Qb5 19. Nc5 e6 20. Rc2 Nh6 21. Qc3 Nf5 22. Bg5 Ra7 23. g4 Ne7 24. Re3 Qb6 25. Bf6 Qd8 26. Rh3 Qf8 27. Qa5 Qd8 28. Qd2 Qf8 29. Rcc3 Rb8 30. Rh4 h5 31. gxh5 Nf5 32. Rg4 Bh6 33. Bg5 Bg7 34. Rh3 Nh6 35. Rf4 Nf5 36. h6 Nxh6 37. Bxh6 Bxh6 38. Rfh4 Bg7 39. Rh7 Re7 40. Qg5 Rbb7 41. Nxb7 Rxb7 42. Rxg7+ 1-0

[Event "Vienna op 16th"]
[Site "Vienna"]
[Date "2009.08.16"]
[Round "2"]
[White "Schwarz, Oliver"]
[Black "Demuth, Adrien"]
[Result "0-1"]
[WhiteElo "2148"]
[BlackElo "2339"]
[PlyCount "58"]
[EventDate "2009.08.15"]
[EventType "swiss"]
[EventRounds "9"]
[EventCountry "AUT"]
[SourceTitle "CBM 131 Extra"]
[Source "ChessBase"]
[SourceDate "2009.09.03"]
[SourceVersion "2"]
[SourceVersionDate "2009.09.16"]
[SourceQuality "1"]

1. d4 Nf6 2. c4 g6 3. Nc3 d5 4. cxd5 Nxd5 5. e4 Nxc3 6. bxc3 Bg7 7. Bb5+ c6 8. Ba4 0-0 9. Ne2 c5 10. Be3 Qc7 11. 0-0 Rd8 12. Rb1 Nc6 13. Qd2 Qa5 14. Bxc6 bxc6 15. Qb2 Ba6 16. Rfc1 Bd3 17. Ra1 Rab8 18. Qd2 Bxe4 19. Bh6 cxd4 20. Bxg7 Kxg7 21. Qf4 Qd5 22. f3 d3 23. fxe4 Qc5+ 24. Nd4 e5 25. Qf2 exd4 26. Rf1 Qc4 27. Rab1 dxc3 28. Rb7 Rf8 29. Rxa7 c2 0-1

[Event "Schleswig Holstein-ch M 64th"]
[Site "Altenholz"]
[Date "2009.04.07"]
[Round "5"]
[White "Schwarz, Oliver"]
[Black "Hamann, Carsten"]
[Result "1-0"]
[WhiteElo "2130"]
[BlackElo "2170"]
[PlyCount "63"]
[EventDate "2009.04.04"]
[EventType "swiss"]
[EventRounds "9"]
[EventCountry "GER"]
[SourceTitle "CBM 129 Extra"]
[Source "ChessBase"]
[SourceDate "2009.05.05"]
[SourceVersion "2"]
[SourceVersionDate "2009.05.20"]
[SourceQuality "1"]

1. d4 d5 2. c4 Nc6 3. e3 e5 4. cxd5 Qxd5 5. Nc3 Bb4 6. Bd2 Bxc3 7. bxc3 Nf6 8. Qb3 Qd6 9. Bb5 0-0 10. Nf3 exd4 11. cxd4 Ne4 12. 0-0 Be6 13. Qb2 Bd5 14. Rac1 Rfd8 15. Bxc6 Bxc6 16. Bb4 Qh6 17. Ne5 Bd5 18. Rxc7 a5 19. Be7 Re8 20. Rfc1 Qe6 21. Ba3 f6 22. Nd3 Qf5 23. Nf4 Bc6 24. Qb3+ Kh8 25. Qf7 Rg8 26. Qh5 Ng5 27. Re7 Be8 28. Qe2 Bc6 29. h4 Rae8 30. hxg5 Rxe7 31. Bxe7 Re8 32. d5 1-0

[Event "Schleswig Holstein-ch M 64th"]
[Site "Altenholz"]
[Date "2009.04.04"]
[Round "1"]
[White "Schwarz, Oliver"]
[Black "Michna, Christian"]
[Result "1-0"]
[WhiteElo "2130"]
[BlackElo "2286"]
[PlyCount "85"]
[EventDate "2009.04.04"]
[EventType "swiss"]
[EventRounds "9"]
[EventCountry "GER"]
[SourceTitle "CBM 129 Extra"]
[Source "ChessBase"]
[SourceDate "2009.05.05"]
[SourceVersion "2"]
[SourceVersionDate "2009.05.20"]
[SourceQuality "1"]

1. d4 d6 2. c4 g6 3. Nc3 Bg7 4. e4 e5 5. Be3 exd4 6. Bxd4 Nf6 7. f3 0-0 8. Qd2 Nc6 9. Be3 Ne5 10. Bd3 Be6 11. b3 Nh5 12. Nge2 f5 13. Nd4 Bd7 14. exf5 gxf5 15. Bc2 c6 16. 0-0 Qc7 17. Rad1 Rad8 18. Bg5 Rde8 19. Rfe1 f4 20. Bh4 Ng6 21. Bf2 Be5 22. Ne4 Bc8 23. b4 Qg7 24. b5 Bh3 25. gxh3 Nh4+ 26. Kf1 Qg2+ 27. Ke2 Qxh2 28. Kd3 d5 29. Rh1 dxe4+ 30. fxe4 Qxh1 31. Rxh1 Rd8 32. Qd1 f3 33. c5 Bxd4 34. Bb3+ Kh8 35. Bxd4+ Rxd4+ 36. Kxd4 Rd8+ 37. Bd5 cxd5 38. exd5 Ng3 39. Kc4 Nxh1 40. Qd4+ Kg8 41. Qxh4 Rf8 42. Qg4+ Kh8 43. Qd4+ 1-0

[Event "Dresden ZMD op"]
[Site "Dresden"]
[Date "2006.08.11"]
[Round "7"]
[White "Schwarz, Oliver"]
[Black "Thinius, Marco"]
[Result "0-1"]
[WhiteElo "2144"]
[BlackElo "2369"]
[PlyCount "102"]
[EventDate "2006.08.05"]
[EventType "swiss"]
[EventRounds "9"]
[EventCountry "GER"]
[SourceTitle "CBM 113 Extra"]
[Source "ChessBase"]
[SourceDate "2006.09.14"]
[SourceVersion "1"]
[SourceVersionDate "2006.09.14"]
[SourceQuality "1"]

1. d4 e6 2. c4 b6 3. Nc3 Bb7 4. e4 Bb4 5. f3 f5 6. exf5 Nh6 7. Be3 Nxf5 8. Qd2 Nxe3 9. Qxe3 Qh4+ 10. g3 Qh5 11. Bg2 Nc6 12. Nge2 0-0 13. a3 Bxc3+ 14. Qxc3 e5 15. d5 Ne7 16. 0-0 Rae8 17. Rae1 Ng6 18. b4 d6 19. Qd3 Bc8 20. Nc3 Bd7 21. Ne4 Bf5 22. c5 Bxe4 23. Rxe4 Ne7 24. Rc4 Qf5 25. Qe4 Qd7 26. cxb6 cxb6 27. Rfc1 Rc8 28. Bf1 Rxc4 29. Rxc4 Rc8 30. Bd3 g6 31. f4 Rxc4 32. Bxc4 Qf5 33. Qxf5 Nxf5 34. fxe5 dxe5 35. d6+ Kf8 36. d7 Ke7 37. Bb5 Nd4 38. Ba4 b5 39. Bd1 Kxd7 40. Kf2 Kd6 41. Ke3 Kd5 42. h4 h6 43. g4 g5 44. hxg5 hxg5 45. Kd3 e4+ 46. Kd2 Nf3+ 47. Ke3 Ne5 48. Bb3+ Nc4+ 49. Ke2 Kd4 50. a4 bxa4 51. Bxa4 Ne5 0-1

[Event "Dresden ZMD op"]
[Site "Dresden"]
[Date "2006.08.10"]
[Round "6"]
[White "Hubel, Hans Martin"]
[Black "Schwarz, Oliver"]
[Result "0-1"]
[WhiteElo "1987"]
[BlackElo "2144"]
[PlyCount "62"]
[EventDate "2006.08.05"]
[EventType "swiss"]
[EventRounds "9"]
[EventCountry "GER"]
[SourceTitle "CBM 113 Extra"]
[Source "ChessBase"]
[SourceDate "2006.09.14"]
[SourceVersion "1"]
[SourceVersionDate "2006.09.14"]
[SourceQuality "1"]

1. e4 c5 2. Nf3 d6 3. d4 cxd4 4. Nxd4 Nf6 5. Bb5+ Bd7 6. Qe2 Nc6 7. c3 e6 8. 0-0 Be7 9. Bg5 0-0 10. Nd2 Qb6 11. N4b3 a6 12. Bd3 Rfe8 13. Be3 Qc7 14. f4 e5 15. f5 d5 16. g4 Na5 17. Nxa5 Qxa5 18. g5 Nxe4 19. Nxe4 dxe4 20. Bc4 Rec8 21. Bxf7+ Kxf7 22. f6 Bc5 23. Qc4+ Be6 24. fxg7+ Ke7 25. Qxe4 Bxe3+ 26. Qxe3 Rc4 27. Rf6 Rg4+ 28. Kf2 Qd5 29. Rf1 Rd8 30. Ke1 Qd1+ 31. Kf2 Rd2+ 0-1

[Event "Dresden ZMD op"]
[Site "Dresden"]
[Date "2006.08.07"]
[Round "3"]
[White "Schwarz, Oliver"]
[Black "Malakhatko, Vadim"]
[Result "0-1"]
[WhiteElo "2144"]
[BlackElo "2594"]
[PlyCount "132"]
[EventDate "2006.08.05"]
[EventType "swiss"]
[EventRounds "9"]
[EventCountry "GER"]
[SourceTitle "CBM 113 Extra"]
[Source "ChessBase"]
[SourceDate "2006.09.14"]
[SourceVersion "1"]
[SourceVersionDate "2006.09.14"]
[SourceQuality "1"]

1. d4 Nf6 2. c4 e6 3. Nc3 Bb4 4. Bd2 d5 5. e3 0-0 6. Nf3 c6 7. Rc1 Nbd7 8. Qc2 a6 9. a3 Bd6 10. Bd3 dxc4 11. Bxc4 e5 12. Ne4 Nxe4 13. Qxe4 Nf6 14. Qh4 e4 15. Ne5 Qe7 16. Bc3 Be6 17. 0-0 Bxc4 18. Nxc4 Rfe8 19. f3 Qe6 20. Nxd6 Qxd6 21. f4 Nd5 22. Bd2 f5 23. g4 Re6 24. gxf5 Rh6 25. Qg5 Qd7 26. Rf2 Rf8 27. Rg2 Rh3 28. Rg3 Rxf5 29. Qg4 Rh6 30. Rc5 Rg6 31. Qh3 Qf7 32. Qg2 Qe6 33. Rxg6 hxg6 34. h4 Rh5 35. Qg3 Kh7 36. Kg2 b6 37. Rc1 Ne7 38. Rh1 Qb3 39. Bc3 Qc2+ 40. Qf2 Qxf2+ 41. Kxf2 Nf5 42. Bb4 Rxh4 43. Rxh4+ Nxh4 44. Be7 Nf5 45. Bd8 b5 46. Bg5 Kg8 47. Bd8 Kf7 48. Ba5 Ne7 49. Bb4 Nd5 50. Ba5 Ke6 51. Ke2 Kf5 52. Bd8 Kg4 53. Kf2 Kh3 54. Ba5 Nf6 55. Bb4 g5 56. fxg5 Ng4+ 57. Ke2 g6 58. Ba5 Kg2 59. Be1 Nh2 60. Ba5 Nf3 61. Bd8 Kg3 62. b3 Kg4 63. a4 bxa4 64. bxa4 Nxg5 65. Kd2 Ne6 66. Bf6 Kf3 0-1

[Event "Schleswig Holstein-ch Meisterklasse"]
[Site "Schoenberg"]
[Date "2005.??.??"]
[Round "8"]
[White "Haffner, Alexander"]
[Black "Schwarz, Oliver"]
[Result "1-0"]
[WhiteElo "2156"]
[BlackElo "2146"]
[PlyCount "83"]
[EventDate "2005.10.??"]
[EventType "swiss"]
[EventRounds "9"]
[EventCountry "GER"]
[SourceTitle "EXT 2022"]
[Source "ChessBase"]
[SourceDate "2021.10.06"]
[SourceVersion "1"]
[SourceVersionDate "2021.10.06"]
[SourceQuality "1"]

1. d4 d5 2. Nf3 Nf6 3. Bg5 e6 4. e3 Be7 5. Nbd2 h6 6. Bh4 Nbd7 7. Bd3 0-0 8. 0-0 c5 9. c3 b6 10. Ne5 Bb7 11. f4 Ne4 12. Be1 Nxe5 13. fxe5 f5 14. exf6 Nxf6 15. Bh4 Bc6 16. Bxf6 Bxf6 17. Qg4 Qe8 18. Nf3 g5 19. Ne5 Bd7 20. Qh3 Bg7 21. Rxf8+ Bxf8 22. Bg6 Qe7 23. Bf7+ Kh7 24. Qh5 Bg7 25. Qg6+ Kh8 26. Rf1 cxd4 27. exd4 Bb5 28. Rf3 g4 29. Rf2 Qg5 30. Qxg5 hxg5 31. Nxg4 Rc8 32. Rf3 Bf8 33. Bxe6 Re8 34. Bxd5 Re1+ 35. Kf2 Re2+ 36. Kg3 Bd6+ 37. Ne5 Be8 38. Rf2 Re1 39. Kg4 Kg7 40. Kxg5 Bxe5 41. dxe5 Rxe5+ 42. Rf5 1-0

[Event "Schleswig Holstein-ch M 59th"]
[Site "Buesum"]
[Date "2004.??.??"]
[Round "2"]
[White "Jochens, Arne"]
[Black "Schwarz, Oliver"]
[Result "0-1"]
[WhiteElo "2212"]
[BlackElo "2137"]
[PlyCount "66"]
[EventDate "2004.??.??"]
[EventType "swiss"]
[EventRounds "9"]
[EventCountry "GER"]
[SourceTitle "EXT 2010"]
[Source "ChessBase"]
[SourceDate "2010.11.25"]
[SourceVersion "1"]
[SourceVersionDate "2010.11.25"]
[SourceQuality "1"]

1. c4 c5 2. g3 Nc6 3. Bg2 Nf6 4. Nc3 e6 5. Nf3 d6 6. 0-0 Be7 7. d4 cxd4 8. Nxd4 Qd7 9. Rb1 0-0 10. Nc2 b6 11. Bf4 Bb7 12. Qd2 Rfd8 13. Rfd1 Na5 14. Bxb7 Qxb7 15. b3 Rac8 16. Ne3 h6 17. Ng2 d5 18. Qb2 dxc4 19. Rxd8+ Rxd8 20. Rd1 Rxd1+ 21. Nxd1 cxb3 22. axb3 Qd5 23. Nge3 Qxb3 24. Qe5 Nd5 25. Qb8+ Kh7 26. Qxa7 Nc6 27. Qb7 Nd4 28. Nxd5 Nxe2+ 29. Kg2 Qxd5+ 30. Qxd5 Nxf4+ 31. gxf4 exd5 32. Kf3 Bc5 33. Nc3 d4 0-1

[Event "Traum op 11th"]
[Site "Oberjoch/Allgaeu"]
[Date "2004.??.??"]
[Round "3"]
[White "Maugg, Ludwig"]
[Black "Schwarz, Oliver"]
[Result "1/2-1/2"]
[WhiteElo "2047"]
[BlackElo "2064"]
[PlyCount "45"]
[EventDate "2004.07.16"]
[EventType "swiss"]
[EventRounds "9"]
[EventCountry "GER"]
[SourceTitle "EXT 2006"]
[Source "ChessBase"]
[SourceDate "2005.11.24"]
[SourceVersion "1"]
[SourceVersionDate "2005.11.24"]
[SourceQuality "1"]

1. d4 d5 2. c4 e6 3. Nc3 Nf6 4. cxd5 exd5 5. Bg5 Be7 6. e3 h6 7. Bh4 0-0 8. Bd3 Nbd7 9. Qc2 b6 10. Nf3 Bb7 11. 0-0 Re8 12. Rad1 a6 13. Bf5 Ne4 14. Bxd7 Qxd7 15. Ne5 Qd8 16. Bxe7 Qxe7 17. Nxe4 dxe4 18. Qb3 Rad8 19. Rc1 Rd6 20. Rc3 Bd5 21. Qc2 Rc8 22. Rc1 c6 23. Nc4 1/2-1/2

[Event "Schleswig Holstein-ch M 59th"]
[Site "Buesum"]
[Date "2004.??.??"]
[Round "5"]
[White "Salov, Sergej"]
[Black "Schwarz, Oliver"]
[Result "1-0"]
[WhiteElo "2281"]
[BlackElo "2137"]
[PlyCount "81"]
[EventDate "2004.??.??"]
[EventType "swiss"]
[EventRounds "9"]
[EventCountry "GER"]
[SourceTitle "EXT 2010"]
[Source "ChessBase"]
[SourceDate "2010.11.25"]
[SourceVersion "1"]
[SourceVersionDate "2010.11.25"]
[SourceQuality "1"]

1. e4 c5 2. Nf3 d6 3. d4 cxd4 4. Nxd4 Nf6 5. Nc3 Nc6 6. Bc4 e6 7. Be3 Be7 8. Qe2 a6 9. 0-0-0 0-0 10. Bb3 Qc7 11. Rhg1 Nd7 12. g4 Nc5 13. g5 Nxb3+ 14. axb3 Bd7 15. f4 Rfe8 16. f5 Nxd4 17. Bxd4 g6 18. fxg6 fxg6 19. h4 Rf8 20. h5 Be8 21. Qg4 Qc8 22. Bf6 Bxf6 23. gxf6 Rxf6 24. e5 dxe5 25. Rgf1 Rf5 26. Rxf5 exf5 27. Qg5 Qe6 28. Nd5 Rb8 29. h6 Kf7 30. Qh4 Bc6 31. Nb4 Qe7 32. Qc4+ Qe6 33. Nxc6 bxc6 34. Rd7+ Kf6 35. Qd3 e4 36. Qc3+ Kg5 37. Qg3+ Kh5 38. Rd1 Kxh6 39. Qxb8 e3 40. Qh2+ Kg7 41. Qf4 1-0

[Event "Schleswig Holstein-ch M 59th"]
[Site "Buesum"]
[Date "2004.??.??"]
[Round "4"]
[White "Schwarz, Oliver"]
[Black "Hein, Andreas"]
[Result "1/2-1/2"]
[WhiteElo "2137"]
[BlackElo "2228"]
[PlyCount "59"]
[EventDate "2004.??.??"]
[EventType "swiss"]
[EventRounds "9"]
[EventCountry "GER"]
[SourceTitle "EXT 2010"]
[Source "ChessBase"]
[SourceDate "2010.11.25"]
[SourceVersion "1"]
[SourceVersionDate "2010.11.25"]
[SourceQuality "1"]

1. d4 Nf6 2. c4 e6 3. Nc3 Bb4 4. Bd2 c5 5. e3 d6 6. Bd3 Nc6 7. Nge2 e5 8. d5 Ne7 9. Ng3 Bxc3 10. Bxc3 0-0 11. 0-0 Ng6 12. Qc2 Ng4 13. h3 Nh6 14. f4 Qh4 15. Qf2 f5 16. Ne2 Qxf2+ 17. Kxf2 e4 18. Bc2 Bd7 19. a4 Kf7 20. a5 b5 21. axb6 axb6 22. b4 Rfb8 23. Rfb1 Rxa1 24. Rxa1 Rb7 25. b5 Ne7 26. Ng3 g6 27. Ra8 Nc8 28. Ke1 Ng8 29. Kd2 Ra7 30. Rxa7 1/2-1/2

[Event "Schleswig Holstein-ch M 59th"]
[Site "Buesum"]
[Date "2004.??.??"]
[Round "3"]
[White "Schwarz, Oliver"]
[Black "Junge, Kai"]
[Result "0-1"]
[WhiteElo "2137"]
[BlackElo "2259"]
[PlyCount "60"]
[EventDate "2004.??.??"]
[EventType "swiss"]
[EventRounds "9"]
[EventCountry "GER"]
[SourceTitle "EXT 2010"]
[Source "ChessBase"]
[SourceDate "2010.11.25"]
[SourceVersion "1"]
[SourceVersionDate "2010.11.25"]
[SourceQuality "1"]

1. d4 Nf6 2. c4 g6 3. Nc3 Bg7 4. e4 d6 5. f3 0-0 6. Be3 Nc6 7. Bd3 e5 8. d5 Nd4 9. Nge2 Nh5 10. Qd2 c5 11. dxc6 bxc6 12. 0-0 f5 13. f4 Be6 14. Rad1 Qe7 15. b3 Rae8 16. Bb1 c5 17. Rf2 fxe4 18. Bxe4 Bg4 19. fxe5 Rxf2 20. Bxf2 Qxe5 21. Bd5+ Kh8 22. Bxd4 cxd4 23. Ne4 Bxe2 24. Ng5 Qe3+ 25. Qxe3 Rxe3 26. Nf7+ Kg8 27. Rd2 d3 28. Nxd6+ Kf8 29. Ne4 Bd4 30. Kh1 Nf4 0-1